000 00440nam a2200193Ia 4500
005 20240823030437.0
008 240823s9999||||xx |||||||||||||| ||und||
020 _a978-953-307-295-1
041 _aENGLISH
082 _A629.134
100 _aSatoru Okamoto
245 0 _aWind tunnels
250 _a1st
260 _bIntech Publica
500 _aTRANSFERED
650 _aWind Tunnels
_bElectronics
942 _cBK
999 _c188714
_d188714